000 00755nam a22002297a 4500
999 _c9485
_d9485
001 9485
003 OSt
005 20180521104359.0
008 180315b1968 bg ||||| |||| 00| 0 ben d
035 _a(BD-JhCC)9485
040 _aBD-JhCC
_dBD-JhCC
041 _aben
082 _a973.7091
_bABR 1968
100 _aলিঙ্কন, এব্রাহাম
245 _aপ্রেইরী আমল ও যুদ্ধ আমলের ইতিবৃত্ত /
_cএব্রাহাম লিঙ্কন
260 _aচট্রগ্রাম :
_bপিপলস পাবলিকেশন্স
_c1968.
300 _a1077 p. :
_c23 cm.
650 _aPresedent
_zUnited Stales
650 _aBiography
942 _2ddc
_cBK